Az akarat nevelése.
Elmentve itt :
| Szerző: | |
|---|---|
| Adatforrás: | Philobibl |
| Forrásdokumentuma: | Magyar Tanítóképző 1907. évf., 420-423./469-473.p. p. |
| Dokumentumtípus: | Cikk |
| Nyelv: | magyar |
| LEADER | 00295nab a2200097 c 4500 | ||
|---|---|---|---|
| 001 | bibDOK00027340 | ||
| 005 | 20200924122200.5 | ||
| 008 | 060518s1907 hu hun | ||
| 100 | 1 | |a Radnai Oszkár | |
| 245 | 1 | 3 | |a Az akarat nevelése. |c Radnai Oszkár |
| 773 | 0 | |t Magyar Tanítóképző |g 1907. évf., 420-423./469-473.p. p. | |